000 00884nam a2200253 i 4500
001 000029344
003 DO-SdBNP
005 20250903075634.0
007 ta
008 110414s1989 dr 000 0 spa d
040 _aDO-SdBNP
_bspa
_cBNPHU
_erda
082 4 _bC215
_222
245 0 0 _aCanciones de amor de Enrique de Marchena en la voz de Arístides Incháustegui /
_ctextos, Arístides Incháustegui.
264 _aSanto Domingo :
_bComisión Permanente de la feria nacional del Libro,
_c1989.
300 _a9 páginas ;
_c28 cm.
336 _2rdacontent
_atexto
_btxt
337 _2rdamedia
_asin mediación
_bnc
338 _2rdacarrier
_avolumen
_bn
500 _aIncluye referencias bibliográficas y notas al pie de las páginas
590 _ainventariado, 2023/BT
700 1 _aIncháustegui Cabral, Héctor,
_d1912-1979
_921024
910 _aBtavárez
942 _2ddc
_cLF2
999 _c28836
_d28836